00950nam a2200229 a 450000100060000000300080000600500170001400800410003103500190007204000350009104100080012608200320013410000170016624501860018326000720036930000430044150200780048450400360056265000600059865000250065870000370068378508BD-RjUL20211209083134.0210929s2002 bg a|||| m||| 00| 0 eng d a(BD-RjUL)78734 aBD-RjULbengcBD-RjULdBD-RjUL aeng a155.40954924 bAFS 2002223 aAfroz, Nazma12aA study on depression in children as related to family structure, socio-economic status and residential background in Bangladesh /cby Nazma Afroz ;6Supervisor : Mohd. Mozammel Huq aRajshahi :bDepartment of Psychology, University of Rajshahi,c2002 axiv, 273, [5] Leaves :bill. ;c30 cm. aThesis (Ph. D.) -- Department of Psychology, University of Rajshahi, 2002 aReferences : Leaves [211] - 256 aDepression in children zBangladesh zRajshahi District adepressive disorder  aHuq, Mohd. Mozammel, Supervisor